000 00634nam a2200217Ia 4500
999 _c41109
_d41109
001 7759
003 GE_BSU
005 20220926105032.0
008 181216sen 2011xx |||||||||||||| ||eng||
020 _a9781118008188
040 _cGE_BSU
041 _aeng
080 _a004.42 D-84
100 _aDuckett, Jon
_914764
245 _aHTML & CSS : Design and build websites /
_c Jon Duckett.
264 _aCanada :
_bWiley,
_c2011.
300 _a490 p.:
_c 23 cm.
653 _aHTML & CSS : Design and build websites
653 _aვებსაიტების დიზაინი და შექმნა
942 _cBK
_2udc